<?xml version='1.0' encoding='UTF-8'?>
  <record xmlns="http://www.loc.gov/MARC21/slim">
    <leader>00000nem a2200000 i 4500</leader>
    <controlfield tag="001">ocn980374426</controlfield>
    <controlfield tag="003">OCoLC</controlfield>
    <controlfield tag="005">20250528034216.2</controlfield>
    <controlfield tag="008">110224s1699    ne        a     0   lat d</controlfield>
    <datafield tag="040" ind1=" " ind2=" ">
      <subfield code="a">QGJ</subfield>
      <subfield code="b">dut</subfield>
      <subfield code="c">QGJ</subfield>
      <subfield code="d">OCLCL</subfield>
      <subfield code="d">OCLCQ</subfield>
    </datafield>
    <datafield tag="035" ind1=" " ind2=" ">
      <subfield code="a">(OCoLC)980374426</subfield>
    </datafield>
    <datafield tag="041" ind1="0" ind2=" ">
      <subfield code="a">lat</subfield>
      <subfield code="a">dut</subfield>
    </datafield>
    <datafield tag="100" ind1="1" ind2=" ">
      <subfield code="a">Hartsoeker, Nicolaas.</subfield>
    </datafield>
    <datafield tag="245" ind1="1" ind2="0">
      <subfield code="a">Plenilunium Eclipticum ;</subfield>
      <subfield code="b">Naamen van de vlakken der maan /</subfield>
      <subfield code="c">[Nicolaas Hartsoeker] ; Duchange f.</subfield>
    </datafield>
    <datafield tag="246" ind1="1" ind2=" ">
      <subfield code="a">Naamen van de vlakken der maan</subfield>
    </datafield>
    <datafield tag="264" ind1=" " ind2="1">
      <subfield code="a">[Amsterdam] :</subfield>
      <subfield code="b">[Jan ten Hoorn],</subfield>
      <subfield code="c">1699.</subfield>
    </datafield>
    <datafield tag="300" ind1=" " ind2=" ">
      <subfield code="a">1 krt.) :</subfield>
      <subfield code="b">kopergrav. ;</subfield>
      <subfield code="c">24 x 36 cm (diameter = 16,3 cm)</subfield>
    </datafield>
    <datafield tag="336" ind1=" " ind2=" ">
      <subfield code="a">cartografische afbeelding</subfield>
      <subfield code="b">cri</subfield>
      <subfield code="2">rdacontent/dut</subfield>
    </datafield>
    <datafield tag="337" ind1=" " ind2=" ">
      <subfield code="a">zonder medium</subfield>
      <subfield code="b">n</subfield>
      <subfield code="2">rdamedia/dut</subfield>
    </datafield>
    <datafield tag="338" ind1=" " ind2=" ">
      <subfield code="a">vel</subfield>
      <subfield code="b">nb</subfield>
      <subfield code="2">rdacarrier/dut</subfield>
    </datafield>
    <datafield tag="500" ind1=" " ind2=" ">
      <subfield code="a">Kleine maankaart van Cassini met de nomenclatuur van Nikolaas Hartsoeker.</subfield>
    </datafield>
    <datafield tag="500" ind1=" " ind2=" ">
      <subfield code="a">Verschenen in: Proeve der deurzicht-kunde / in het Frans beschreeven door Nicolaas Hartsoeker en vertaald door A. Block. - Amsterdam : Jan ten Hoorn, 1699, pp. 170-171.</subfield>
    </datafield>
    <datafield tag="562" ind1=" " ind2=" ">
      <subfield code="a">Binding note: P qu 523, dl 1-2.</subfield>
      <subfield code="5">NL-UtRU</subfield>
    </datafield>
    <datafield tag="650" ind1=" " ind2="7">
      <subfield code="a">Maan.</subfield>
      <subfield code="0">(NL-LeOCL)078580242.</subfield>
      <subfield code="2">gtt</subfield>
    </datafield>
    <datafield tag="700" ind1="1" ind2=" ">
      <subfield code="a">Duchange, Gaspard,</subfield>
      <subfield code="d">1662-1757.</subfield>
    </datafield>
    <datafield tag="758" ind1=" " ind2=" ">
      <subfield code="a">Plenilunium Eclipticum (CartographicMaterial)</subfield>
      <subfield code="1">https://id.oclc.org/worldcat/entity/E39PCYJK3mYPjYwKJCTRvTKkym</subfield>
      <subfield code="4">https://id.oclc.org/worldcat/ontology/hasWork</subfield>
    </datafield>
    <datafield tag="856" ind1="4" ind2="1">
      <subfield code="u">http://objects.library.uu.nl/reader/resolver.php?obj=002337389&amp;type=2</subfield>
      <subfield code="x">Online</subfield>
      <subfield code="z">Map</subfield>
    </datafield>
    <datafield tag="936" ind1=" " ind2=" ">
      <subfield code="a">BATCHLOAD</subfield>
    </datafield>
  </record>